Concise computer vision: (Record no. 5170)

MARC details
000 -LEADER
fixed length control field 00670nam a22002177a 4500
003 - CONTROL NUMBER IDENTIFIER
control field OSt
005 - DATE AND TIME OF LATEST TRANSACTION
control field 20220107122813.0
008 - FIXED-LENGTH DATA ELEMENTS--GENERAL INFORMATION
fixed length control field 160517b xxu||||| |||| 00| 0 eng d
020 ## - INTERNATIONAL STANDARD BOOK NUMBER
International Standard Book Number 9781447163190
040 ## - CATALOGING SOURCE
Transcribing agency IIITMK
082 ## - DEWEY DECIMAL CLASSIFICATION NUMBER
Classification number 006.37 KLE/C
100 ## - MAIN ENTRY--PERSONAL NAME
Personal name Klette, Reinhard
9 (RLIN) 9493
245 ## - TITLE STATEMENT
Title Concise computer vision:
Remainder of title An introduction into theory and algorithms
Statement of responsibility, etc. Reinhard Klette
260 ## - PUBLICATION, DISTRIBUTION, ETC.
Place of publication, distribution, etc. New York,
Name of publisher, distributor, etc. Springer,
Date of publication, distribution, etc. 2014.
300 ## - PHYSICAL DESCRIPTION
Extent xviii, 429p.
440 ## - SERIES STATEMENT/ADDED ENTRY--TITLE
Title Springer series in undergraduate topics in computer science
9 (RLIN) 9494
650 ## - SUBJECT ADDED ENTRY--TOPICAL TERM
Topical term or geographic name entry element COMPUTER SCIENCE
9 (RLIN) 9495
650 ## - SUBJECT ADDED ENTRY--TOPICAL TERM
Topical term or geographic name entry element COMPUTER VISION
9 (RLIN) 9496
651 ## - SUBJECT ADDED ENTRY--GEOGRAPHIC NAME
Geographic name IMAGE PROCESSING
9 (RLIN) 9497
942 ## - ADDED ENTRY ELEMENTS (KOHA)
Source of classification or shelving scheme Dewey Decimal Classification
Koha item type Books
Holdings
Withdrawn status Lost status Source of classification or shelving scheme Damaged status Not for loan Collection code Home library Current library Shelving location Date acquired Cost, normal purchase price Total Checkouts Full call number Barcode Date last seen Date last checked out Price effective from Koha item type
    Dewey Decimal Classification     Computer Vision Kerala University of Digital Sciences, Innovation and Technology Knowledge Centre Kerala University of Digital Sciences, Innovation and Technology Knowledge Centre Computer Science 17/05/2016 2710.00 6 006.37 KLE/C 4480 30/06/2023 20/06/2023 17/05/2016 Books